[Event "Prva liga Centralne Srbije 2010"]
[Site "Valjevo"]
[Date "2010.09.18"]
[Round "1.6"]
[White "Sorgic, Dragan"]
[Black "Vratonjic, Slobo"]
[Result "1/2-1/2"]
[WhiteElo "2289"]
[BlackElo "2404"]
[PlyCount "108"]
[EventDate "2010.09.18"]

1. Nf3 c5 2. c4 Nc6 3. Nc3 g6 4. g3 Bg7 5. Bg2 d6 6. d3 Nf6 7. O-O O-O 8. a3
Bd7 9. Rb1 a5 10. Bd2 Ne8 11. Ne1 Nc7 12. Nc2 Rb8 13. Nb5 Nxb5 14. cxb5 Ne5 15.
a4 Be6 16. b3 Nd7 17. e4 Ne5 18. Qe2 f5 19. f4 Ng4 20. h3 Nh6 21. Ne3 Qd7 22.
Kh2 b6 23. Rfe1 Bf7 24. exf5 Nxf5 25. Bc6 Qc8 26. Nxf5 Qxf5 27. g4 Qf6 28. Qxe7
Qd4 29. Qe3 Qf6 30. g5 Qd8 31. Qe7 Qc8 32. Qd7 Qxd7 33. Bxd7 Bd5 34. Be6+ Bxe6
35. Rxe6 Kf7 36. Rbe1 Be5 37. R1xe5 dxe5 38. Rc6 Ke7 39. Bc3 exf4 40. Be5 Rbd8
41. Bf6+ Rxf6 42. Rxf6 Rxd3 43. Rxb6 Rxb3 44. Rc6 Rb2+ 45. Kg1 Rb4 46. b6 Rxa4
47. Rxc5 Rb4 48. Rxa5 Rxb6 49. Ra4 Rb3 50. h4 Rg3+ 51. Kf2 Rg4 52. Ra7+ Ke6 53.
Rxh7 Rg3 54. h5 gxh5 1/2-1/2

[Event "Prva liga Centralne Srbije 2010"]
[Site "Valjevo"]
[Date "2010.09.18"]
[Round "1.6"]
[White "Rabrenovic, Vladan"]
[Black "Nikolic, Dragovan"]
[Result "1-0"]
[WhiteElo "2384"]
[BlackElo "2296"]
[PlyCount "71"]
[EventDate "2010.09.18"]

1. d4 Nf6 2. c4 e6 3. Nc3 d5 4. Bg5 Bb4 5. e3 h6 6. Bh4 Nc6 7. Rc1 O-O 8. Nf3
Re8 9. a3 Be7 10. Bd3 a6 11. O-O dxc4 12. Bxc4 b5 13. Bd3 Bb7 14. Bxf6 Bxf6 15.
Ne4 Be7 16. Nc5 Bxc5 17. Rxc5 Ne7 18. Qc2 Bxf3 19. gxf3 f5 20. Rxc7 Nd5 21. Rc5
Qg5+ 22. Kh1 Qh5 23. Qe2 g5 24. Bxf5 Nf4 25. Bh7+ Kxh7 26. exf4 Ra7 27. Qe4+
Kg8 28. Rg1 e5 29. fxg5 Kh8 30. Rxe5 Rg8 31. g6 Qh3 32. Re8 Rag7 33. Rxg8+ Rxg8
34. Qe5+ Rg7 35. Qe8+ Rg8 36. g7+ 1-0

[Event "Prva liga Centralne Srbije 2010"]
[Site "Valjevo"]
[Date "2010.09.18"]
[Round "1.6"]
[White "Vuckovic, Branko"]
[Black "Sredojevic, Ivan"]
[Result "1/2-1/2"]
[WhiteElo "2243"]
[BlackElo "2390"]
[PlyCount "37"]
[EventDate "2010.09.18"]

1. e4 c5 2. Nf3 Nc6 3. Bb5 Na5 4. c3 a6 5. Be2 d5 6. exd5 Qxd5 7. O-O e6 8.
Qa4+ Nc6 9. d4 cxd4 10. Nxd4 Bd7 11. Nf3 Bc5 12. Qg4 g6 13. Rd1 Qf5 14. Qh4 h6
15. Bd3 Qf6 16. Qc4 Qe7 17. Nbd2 f5 18. Nb3 Ba7 19. Bc2 1/2-1/2

[Event "Prva liga Centralne Srbije 2010"]
[Site "Valjevo"]
[Date "2010.09.18"]
[Round "1.6"]
[White "Lazic, Dragoljub"]
[Black "Vilimonovic, Bozidar"]
[Result "0-1"]
[WhiteElo "2319"]
[BlackElo "2207"]
[PlyCount "67"]
[EventDate "2010.09.18"]

1. e4 e6 2. d4 d5 3. Nd2 Nc6 4. Ngf3 Nf6 5. e5 Nd7 6. Bb5 a6 7. Ba4 b5 8. Bb3
Na5 9. c3 Nxb3 10. axb3 c5 11. dxc5 Nxc5 12. Qe2 Bb7 13. b4 Nd7 14. Nb3 Be7 15.
Nfd4 Qc7 16. f4 Qc4 17. Na5 Qxe2+ 18. Kxe2 O-O-O 19. Be3 Kc7 20. Ra2 Ra8 21.
Rha1 Rhb8 22. f5 Nxe5 23. fxe6 f6 24. Nxb7 Kxb7 25. Nxb5 Nc6 26. Nd4 Nxd4+ 27.
Bxd4 Bd6 28. Ra5 Re8 29. Rxd5 Rxe6+ 30. Kd3 Rae8 31. b5 Ra8 32. bxa6+ Kc6 33.
c4 Ree8 34. a7 0-1